| 000 | 00434nam a2200169 4500 | ||
|---|---|---|---|
| 005 | 20260117161038.0 | ||
| 008 | 260117b |||||||| |||| 00| 0 eng d | ||
| 020 | _a978-0-143-10377-6 | ||
| 041 | _aEnglish | ||
| 082 |
_aX 823.954 MUR _bB12185 |
||
| 100 |
_aMurty, Sudha _9216154 |
||
| 245 | _aGently Falls the Bakula | ||
| 260 |
_aHaryana _bPenguin Books _c2025 |
||
| 300 |
_a169p _bpb |
||
| 365 |
_arupaye _b216 _cINR |
||
| 942 | _cBK | ||
| 999 |
_c369909 _d369909 |
||